000 00355 a2200121 4500
000 nam a22 7a 4500
005 20260507161324.0
020 _a9789348033253
100 _aहरिवंश
_91238795
245 _aसरोकार और संवाद (समय के सवाल–7)
260 _bPrakashan Sansthan
_c2025
942 _cTEXL
999 _c1851135
_d1851135